00645nam a22001457a 4500082001200000100002000012245017200032260003700204300001900241650004400260700003600304942001300340999001900353952012700372 a620.005 aSajjad, Zunaira aAnalysis of Challenges to Total Quality Management Implementation in Federal Government Educational Institutions (Cantonments/ Garrisons) in Pakistan /cZunaira Sajjad aIslamabad :bCEME - NUST,c2017. a75 p. ;c30cm. aEngineering Management-MS-Thesis916065 aDr. Tasweer Hussain Syed932933 2ddccTHE c537430d537430 00102ddc406620_005000000000000709500020aCLbCLcTHEd2020-10-19l0o620.005pCL-T-601-Ar2020-10-19w2020-10-19yTHE